logo

Bir Sreshtho Munshi Abdur Rouf Library
Jhenaidah Cadet College

Great navigators & discoverers / (Record no. 6887)

MARC details
000 -LEADER
fixed length control field 00721nam a2200265 a 4500
001 - CONTROL NUMBER
JCCL Control Number 6887
003 - CONTROL NUMBER IDENTIFIER
JCCL marc code BD-JhCC
005 - DATE AND TIME OF LATEST TRANSACTION
control field 20180131175259.0
008 - FIXED-LENGTH DATA ELEMENTS--GENERAL INFORMATION
fixed length control field 970607s1929 enkabch 00100deng d
035 ## - SYSTEM CONTROL NUMBER
system control number (BD-JhCC)6887
035 ## - SYSTEM CONTROL NUMBER
system control number 1529546
040 ## - CATALOGING SOURCE
Original cataloging agency BD-JhCC
Transcribing agency NLRL
Modifying agency BD-JhCC
041 ## - LANGUAGE CODE
Language code of Book eng
082 0# - DEWEY DECIMAL CLASSIFICATION NUMBER
Classification number 910.92
DDC Edition number 21
Author mark and Year BRE 1963
100 1# - MAIN ENTRY--PERSONAL NAME
Personal name Brendon, J. A.
Fuller form of name (John Adams),
Dates associated with a name 1884-
245 10 - TITLE STATEMENT
Title Great navigators & discoverers /
Statement of responsibility, etc by J.A. Brendon.
260 ## - PUBLICATION, DISTRIBUTION, ETC. (IMPRINT)
Place of publication, distribution, etc London :
Name of publisher, distributor, etc Harrap,
Date of publication, distribution, etc 1929.
300 ## - PHYSICAL DESCRIPTION
Pagination 281 p. :
Other physical details ill., facsims., maps, ports. ;
Dimensions 20 cm.
504 ## - BIBLIOGRAPHY, ETC. NOTE
Bibliography, etc Includes index.
650 #0 - SUBJECT ADDED ENTRY--TOPICAL TERM
Topical term or geographic name as entry element Sailors.
650 #0 - SUBJECT ADDED ENTRY--TOPICAL TERM
Topical term or geographic name as entry element Explorers.
650 #0 - SUBJECT ADDED ENTRY--TOPICAL TERM
Topical term or geographic name as entry element Discoveries in geography.
942 ## - ADDED ENTRY ELEMENTS (KOHA)
Source of classification or shelving scheme Dewey Decimal Classification
Koha item type Books
Holdings
Source of classification or shelving scheme Damaged status Not for loan Home library Current library Shelving location Total Checkouts Full call number Barcode Date last seen Copy number Koha item type
Dewey Decimal Classification     JCC Rouf Library JCC Rouf Library General Stacks   910.92 BRE 1963 9416 01/31/2018 C-1 Books

JCC Library | Contacts | JCC Home

Last Update on 23 September 2017
Copyright @ 2017-2020 JCC Rouf Library
Rouf Library, Jhenidah Cadet College (JCC), Bangladesh